000 00572cam a22002053a 4500
001 40102
003 PGUSA
005 20140828083908.0
008 120628s2012||||xxu|||||s|||||000 | eng d
040 _aPGUSA
_beng
042 _adc
100 1 _aHocking, Joseph,
_d1860-1937
245 1 4 _aThe Passion for Life
_h[electronic resource] /
_cJoseph Hocking
260 _bProject Gutenberg,
_c2012
506 _aPublic domain in the USA.
516 _aElectronic text
830 0 _aProject Gutenberg
_v40102
856 4 0 _uhttp://www.gutenberg.org/ebooks/40102
942 _cEB
999 _c269355
_d269355